История веры и религиозных идей. От каменного века до элевсинских мистерий: пер. с фр.

Dades bibliogràfiques
Autor principal: Элиаде М. Мирча
Sumari:Данный труд является классическим образцом исследования в области истории религии. Религиозные идеи представлены здесь не только в хронологическом порядке, но и объединены единым пониманием многообразия религиозной жизни всех культур и континентов. Элиаде виртуозно владеет методами сравнительной антропологии и демонстрирует общие тенденции в развитии религиозных идей. «Для историка религий знаменательно всякое проявление священного: каждый ритуал, каждый миф, каждое верование и каждый образ божества отражают опыт священного и потому несут в себе понятия бытия, смысла, истины». Книга охватывает период от магических миров каменного века до религий древних цивилизаций и религии библейского откровения: «На самых архаических уровнях культуры жить, как подобает человеку, — само по себе есть религиозное действо, потому что принятие пищи, половые отношения и труд имеют сакраментальную ценность ».
Idioma:rus
Publicat: Москва, Академический проект, 2009
Col·lecció:Философские технологии: религиоведение
Matèries:
Format: MixedMaterials Llibre
KOHA link:https://koha.lib.tpu.ru/cgi-bin/koha/opac-detail.pl?biblionumber=144748

MARC

LEADER 00000nam0a2200000 4500
001 144748
005 20231101221120.0
010 |a 9785829111410 
035 |a (RuTPU)RU\TPU\book\156878 
090 |a 144748 
100 |a 20081008d2009 km y0rusy50 ca 
101 1 |a rus  |c fre 
102 |a RU 
105 |a y z 001zy 
200 1 |a История веры и религиозных идей. От каменного века до элевсинских мистерий  |e пер. с фр.  |f М. Элиаде 
210 |a Москва  |c Академический проект  |d 2009 
215 |a 622 с. 
225 1 |a Философские технологии: религиоведение 
320 |a Библиогр.: с. 458-590. 
320 |a Указатель: с. 591-606. 
330 |a Данный труд является классическим образцом исследования в области истории религии. Религиозные идеи представлены здесь не только в хронологическом порядке, но и объединены единым пониманием многообразия религиозной жизни всех культур и континентов. Элиаде виртуозно владеет методами сравнительной антропологии и демонстрирует общие тенденции в развитии религиозных идей. «Для историка религий знаменательно всякое проявление священного: каждый ритуал, каждый миф, каждое верование и каждый образ божества отражают опыт священного и потому несут в себе понятия бытия, смысла, истины». Книга охватывает период от магических миров каменного века до религий древних цивилизаций и религии библейского откровения: «На самых архаических уровнях культуры жить, как подобает человеку, — само по себе есть религиозное действо, потому что принятие пищи, половые отношения и труд имеют сакраментальную ценность ». 
606 1 |a Религия  |x История  |2 stltpush  |3 (RuTPU)RU\TPU\subj\24950  |9 49214 
610 1 |a палеолит 
610 1 |a древние религии 
610 1 |a магико-религиозное поведение 
610 1 |a погребения 
610 1 |a наскальные изображения 
610 1 |a обряды 
610 1 |a мезолит 
610 1 |a неолит 
610 1 |a христианство 
610 1 |a сокральность 
610 1 |a мифы 
610 1 |a мифология 
610 1 |a мифологические символы 
610 1 |a мифологические культуры 
610 1 |a железный век 
610 1 |a Шумер 
610 1 |a боги 
610 1 |a Древний Египет 
610 1 |a теология 
610 1 |a мегалиты 
610 1 |a храмы 
610 1 |a церемониальные центры 
610 1 |a средиземноморье 
610 1 |a Хетты 
610 1 |a Ханаан 
610 1 |a религиозные верования 
610 1 |a индуизм 
610 1 |a ведизм 
610 1 |a ведическая религия 
610 1 |a индоевропейская общность 
610 1 |a ритуалы 
610 1 |a космогония 
610 1 |a индийская культура 
610 1 |a индуизм 
610 1 |a древнегреческая мифология 
610 1 |a Олимпийские боги 
610 1 |a герои 
610 1 |a тайны 
610 1 |a мистерии 
610 1 |a Иран 
610 1 |a зароастризм 
610 1 |a Израиль 
610 1 |a пророки 
610 1 |a культы 
610 1 |a народные праздники 
686 |a Э23  |v LBC/SL-A  |2 rubbk 
700 1 |a Элиаде  |b М.  |g Мирча 
801 1 |a RU  |b 63413507  |c 20081008  |g PSBO 
801 2 |a RU  |b 63413507  |c 20120420  |g RCR 
942 |c BK 
959 |a 88/20081006  |d 1  |e 240,00  |f ЧЗГЛ:1 
959 |a 111/20091027  |d 1  |e 320,00  |f ЧЗИЛ:1